[Event "KIrov Arakelian Memorial 7th"]
[Site "Kirov"]
[Date "2017.05.15"]
[Round "4"]
[White "Dergachev, Andrey"]
[Black "Bessonov, Arsenij"]
[Result "1-0"]
[WhiteElo "1604"]
[BlackElo "1485"]
[PlyCount "73"]
[EventDate "2017.05.12"]
[EventType "swiss"]
[EventRounds "9"]
[EventCountry "RUS"]
[SourceTitle "EXT 2018"]
[Source "ChessBase"]
[SourceDate "2017.10.13"]
[SourceVersion "1"]
[SourceVersionDate "2017.10.13"]
[SourceQuality "1"]

1. d4 d5 2. c4 e6 3. Nc3 Nf6 4. Bf4 Be7 5. e3 0-0 6. Nf3 a6 7. Qc2 Nbd7 8. cxd5 exd5 9. Bd3 Nb8 10. h3 Nc6 11. a3 Bd6 12. Bg5 Be7 13. Bxf6 Bxf6 14. Bxh7+ Kh8 15. Bf5 Re8 16. 0-0 Ne7 17. Bxc8 Rxc8 18. Ne2 Qd7 19. Qb3 Ra8 20. Rab1 Nf5 21. Nf4 c6 22. Qd3 Nd6 23. b3 Qc7 24. Rfc1 Rad8 25. Nxd5 Qa5 26. Nxf6 gxf6 27. b4 Qh5 28. Rc5 Qg6 29. Qxg6 fxg6 30. Nh4 Kg7 31. Rbc1 Ne4 32. R5c2 Nd6 33. Nf3 Nb5 34. a4 Nc7 35. Nd2 Nd5 36. Rb1 Nc7 37. Nb3 1-0

[Event "KIrov Arakelian Memorial 7th"]
[Site "Kirov"]
[Date "2017.05.13"]
[Round "2"]
[White "Kuznetsov, Dmitri1"]
[Black "Dergachev, Andrey"]
[Result "0-1"]
[WhiteElo "1402"]
[BlackElo "1604"]
[PlyCount "67"]
[EventDate "2017.05.12"]
[EventType "swiss"]
[EventRounds "9"]
[EventCountry "RUS"]
[SourceTitle "EXT 2018"]
[Source "ChessBase"]
[SourceDate "2017.10.13"]
[SourceVersion "1"]
[SourceVersionDate "2017.10.13"]
[SourceQuality "1"]

1. d4 d5 2. e3 c6 3. Bd3 Nf6 4. f4 Bg4 5. Nf3 e6 6. 0-0 Bd6 7. h3 Bxf3 8. Qxf3 Nbd7 9. c3 c5 10. Nd2 c4 11. Bc2 Qc7 12. e4 dxe4 13. Nxe4 Be7 14. Be3 Nd5 15. Rfe1 N7b6 16. Bd2 0-0 17. f5 exf5 18. Qxf5 g6 19. Qf3 f5 20. Ng5 Bxg5 21. Bxg5 Nf6 22. Re6 Nbd7 23. Rae1 Rf7 24. Re7 Rd8 25. Bxf6 Rxf6 26. Qd5+ Kh8 27. R1e6 Rxe6 28. Qxe6 Qf4 29. Re8+ Nf8 30. Rxd8 Qc1+ 31. Kf2 Qxc2+ 32. Qe2 Qxe2+ 33. Kxe2 Kg7 34. Rb8 0-1